000 00797nam a22002417a 4500
003 OSt
005 20250830033306.0
008 250830b |||||||| |||| 00| 0 eng d
020 _a978-0-07-128724-1.
040 _aDWCL-Admin lib
_cOC
082 _aCirc. 617.0231 C641 2008
100 _aPryor, John P.
245 _aClinician's guide to surgical care/
_cPryor, John P.
260 _aN. Y. :
_bMcGraw-Hill Companies, Inc.,
_cc2008.
300 _axiv, 343 p. : ill. ;
_c23 cm.
504 _aIncludes index.
650 _a1. Nurse practitoners-Handbooks, manuals, etc.
650 _a2. Physician's assistants-Handbooks, manuals, etc.
650 _a3. Surgical nursing-Handbooks, manuals, etc.
700 _aTodd, Barbara A.
700 _aDryer, Michael
942 _2ddc
_cBK-CIRC
_kCirc.
_n0
999 _c4410
_d4410